000 00545nam a2200205Ia 4500
005 20250923144307.0
008 008 250917s9999 xx 000 0 eng d
037 _aTextual
040 _aDSWL
_beng
_cDSWL
041 _aeng
_2eng
084 _aV3:257:N4, H6
_qDSWL
100 _aWilliams, F
_9823327
245 0 _aPress, Parliament and people
_cby F Williams
260 _aLondon
_c1946
300 _a254 p.
365 _aINR
_b8
925 _g8
942 _cTEXL
_hV3:257:N4, H6
999 _c1437095
_d1437095